| 000 | 00645nam a22001815i 4500 | ||
|---|---|---|---|
| 001 | 178534 | ||
| 003 | ES-MaACL | ||
| 005 | 20240418143805.0 | ||
| 008 | 110607s1959 sp |||| | spa d | ||
| 080 | _a821.111(73)-31"19"(082.2) | ||
| 245 | 0 | 4 |
_aLos premios Pulitzer de novela. _nV. |
| 260 |
_aBarcelona : _bPlaza & Janés, _c1959. |
||
| 300 |
_a1646 p. ; _c19 cm. |
||
| 505 | 8 | 0 | _aContiene: La extraordinaria familia MacLaughlin / Margaret Wilson. Guardia de honor / James Gould Cozzens. Andersonville / Mackinlay Kantor |
| 650 | 7 |
_aNovela norteamericana _2 _9146954 |
|
| 852 |
_aES-MaACL _jE-15301 _xOlim P-103 |
||
| 999 |
_c178534 _d178534 |
||